000 00538nam a2200181 i 4500
001 65038
003 ES-MaACL
005 20230906165302.0
007 t|
008 040108s1953 sp ||||1| spa d
100 1 _aFrankau, Pamela.
_952317
245 1 3 _aLa cabaña de los sauces /
_cPamela Frankau ; [traducción directa del inglés por Víctor Scholz].
250 _a[1ª ed.].
260 _aBarcelona :
_bA.H.R.,
_c1953.
300 _a290 p. ;
_c19 cm.
700 1 _aScholz, Víctor.
_9104643
852 _aES-MaACL
_jC-6925
_bR.34966
999 _c65038
_d65038